000 00586naa a2200157Ia 4500
003 ES-SlBCS
005 20210601151616.0
008 140520s1993 xxu||||| |||| 00| 0 spa d
041 _aspa
100 1 _aRosenhan, David L.
_9336028
245 0 0 _aAcerca de estar sano en un medio enfermo
_cDavid L. Rosenhan
500 _aTít. orig.: Die erfundene Wircklinchkeit, 1981
650 4 _aSalud-Ambiente Enfermo
_9336029
773 0 _tLa realidad inventada. ¿Cómo sabemos lo que creemos Saber? / Paul Watzlawick
_b2ª ed.
_dBarcelona : Gedisa, 1993
_g, págs. 99-120
_wVA41472
942 _cAC
999 _c760849
_d760849